=LDR 00000nam 2200000 4500 =001 INLIS000000000045128 =005 20141222090702.0 =006 =007 =008 =020 ##$$a 978-979-29-0950-0 =035 ##$$0010-121400000000278 =040 ##$$a NBPDMAT =082 ##$$a 618.2 =090 ##$$a 618.2 $b Ari b =100 ##$$a Ari Sulistyawati =245 ##$$a Buku ajar asuhan kebidanan pada ibu mifas / $c Aril Sulistyawati =250 ##$$a Cet.1 =260 ##$$a Yogyakarta : $b Andi, $c 2012 =300 ##$$a 250 hlm. ; $c 23 cm. =650 ##$$a Kebidanan =850 ##$$a NBPDMAT =990 ##$$a 0001/BPAP-NTB/20142015 =990 ##$$a 0001/BPAP-NTB/20142015 =990 ##$$a 0001/BPAP-NTB/20142015 =990 ##$$a 0001/BPAP-NTB/2015 =990 ##$$a 0001/BPAP-NTB/2015